Statistics for Song by Rap Lyrics #2

Click here to take the quiz!

General Stats

  • This quiz has been taken 193 times
  • The average score is 3 of 15

Answer Stats

HintAnswer% Correct
I can't tell you what it really is / I can only tell you what it feels like / And right now, there's a steel knife, in my windpipeLove the Way You Lie
71%
He cold, he dope, he might sell coke / He always in the air but he never fly coachSuper Bass
46%
Drinking every night because we drink to my accomplishments / Faded way too long I'm floating in and out of consciousnessHeadlines
39%
When I was in the third grade I thought that I was gay / Cause I could draw, my uncle was, and I kept my room straightSame Love
33%
I'll be playing basketball with the president / Dunking on his delegates / Then I'll compliment him on his political etiquetteBillionaire
29%
So is life, take a chance, roll a dice / Money can't buy you love cause it's over priced / Don't overthink just hope it's right / I'm only here for the nightWork Out
29%
If I was just another dusty record on the shelf / Would you blow me off and play me like everybody else?Stereo Hearts
27%
Swish, what a shame could have got picked / Had a really good game but you missed your last shot / So you talk about who you see at the topPayphone
18%
While on my way to the club / I had to wait at the club / But now I don't cause everything is on me / The drinks is on meNo Sleep
14%
Working Monday night, on the corner flipping hard / Made at least three thousand, on the boulevardTuesday
12%
This twisted cat and mouse game always starts the same / First we're both down to play then somehow you go astrayBlack Widow
10%
Girl you got that secret treasure / I'm gon' put that lock on it / Don't care what they say / I would be stupid to be not on itDown On Me
8%
And if you like it baby we could take it to the condo / And if you like the condo / We could move the party to the bedroom / Momma beat your body like a congoSay Aah
6%
You're the one, so I let you / That's how you show me love / And when we finish you like, "****, babe you woke me up"5 O'Clock
3%
Lions don't lose sleep over the 'pinion of sheepPalm Trees
3%

Score Distribution

Percentile by Number Answered

Percent of People with Each Score

Your Score History

You have not taken this quiz